| 000 | 00848nam a22002177a 4500 | ||
|---|---|---|---|
| 999 |
_c11408 _d11408 |
||
| 003 | AR-CdUCM | ||
| 008 | 190403b ||||| |||| 00| 0 spa d | ||
| 040 |
_aMUNICIPALIDAD PROVINCIAL DEL CUSCO _cBIBLIOTECA MUNICIPAL DEL CUSCO |
||
| 082 |
_aES / 468 / _bP32 |
||
| 100 |
_aPayne Mora, Darwin _928753 |
||
| 245 | _aCompetencia linguistica / | ||
| 260 |
_aCusco : _bGustavo impresiones e.i.r.l., _c2011. |
||
| 300 |
_a350 paginas _c21 cm. |
||
| 505 | _aContenido :La competencia comunicativa -- El texto -- La lectura -- La representación gráfica de los fonemas: uso de las letras o grafemas -- El uso de los signos ortográficos ... | ||
| 650 |
_aLengua española _91124 |
||
| 650 |
_aLingüística _91640 |
||
| 700 |
_aArredondo García, Roxssana _928754 |
||
| 700 |
_aOviedo Balladares, Félix _928755 |
||
| 942 |
_2ddc _cLIBROS |
||
| 945 | _arum | ||